Equatorial Countries with More Land in the Southern Hemisphere - Statistics

General Stats
  • This quiz has been taken 13 times
  • The average score is 5 of 6
Answer Stats
Answer % Correct
Brazil
100%
Democratic Republic of the Congo
91%
Ecuador
91%
Indonesia
91%
Republic of the Congo
91%
Gabon
55%
No matching quizzes found
Score Distribution
Percent of People with Each Score
Percentile by Number Answered
Your Score History
You have not taken this quiz